01237nabaa22002177a 4500999001500000003000400015005001700019008004100036040000700077100003300084245015900117300001300276500003700289505038300326505008900709650003200798650002900830650002700859773012000886942001301006 c6181d6181OSt20260125000955.0190701b xxu||||| |||| 00| 0 spa d cPJ 96923aGambarini, Juan Pablo 13aLos derechos de los licenciatarios de servicios de TIC en la República Argentina, en un contexto de convergencia tecnológica /cJuan Pablo Gambarini.  ap. 36-66 aCita: TR LALEY AR/DOC/1655/2024  aSumario: I. Introducción.— II. Servicios de tecnologías de la información y las comunicaciones (servicios de TIC).— III. Marco normativo.— IV. Licencias y licenciatarios.— V. El inicio de las actividades. El ejercicio de los derechos de los licenciatarios y sus efectos.— VI. Los derechos de los licenciatarios frente al dominio público.— VII. Conclusión.  t¿Te interesa el texto completo? Comunicate al correo: koha@justierradelfuego.gov.ar 09211aDERECHO ADMINISTRATIVO 0aBIEN DEL DOMINIO PUBLICO 0aLICENCIA DE TECNOLOGIA0 0284293251dBuenos Aires : AbeledoPerrot, 2012-oDA121tDerecho administrativo. Nº 154 julio/agosto 2024z18510590 2udccANA